| 000 | 00761cam a22002413a 4500 | ||
|---|---|---|---|
| 001 | 15953 | ||
| 003 | PGUSA | ||
| 005 | 20140828083336.0 | ||
| 008 | 050531s2005||||xxu|||||s|||||000 1 eng d | ||
| 040 |
_aPGUSA _beng |
||
| 042 | _adc | ||
| 050 | 4 | _aPS | |
| 100 | 1 |
_aMiller, Elizabeth, _d1878-1961 |
|
| 245 | 1 | 4 |
_aThe City of Delight : _bA Love Drama of the Siege and Fall of Jerusalem _h[electronic resource] / _cElizabeth Miller |
| 260 |
_bProject Gutenberg, _c2005 |
||
| 506 | _aPublic domain in the USA. | ||
| 516 | _aElectronic text | ||
| 653 | _aJerusalem -- History -- Siege, 70 A.D. -- Fiction | ||
| 700 | 1 |
_aLeyendecker, Frank X., _d1877-1924 |
|
| 830 | 0 |
_aProject Gutenberg _v15953 |
|
| 856 | 4 | 0 | _uhttp://www.gutenberg.org/ebooks/15953 |
| 942 | _cEB | ||
| 999 |
_c245208 _d245208 |
||